living Durga / (Record no. 138915)

MARC details
000 -LEADER
fixed length control field 00484nam a22001817a 4500
005 - DATE AND TIME OF LATEST TRANSACTION
control field 20170417112132.0
010 ## - LCCN (DPL NO)
LC control number ENG-117828
020 ## - INTERNATIONAL STANDARD BOOK NUMBER
International Standard Book Number 9789382549284
Terms of availability 200.00
035 ## - SYSTEM CONTROL NUMBER
System control number EN-101360
037 ## - SOURCE OF ACQUISITION
Source of stock number/acquisition DBAD/PUB
082 ## - DEWEY DECIMAL CLASSIFICATION NUMBER
Classification number N
100 ## - MAIN ENTRY--PERSONAL NAME
Personal name Chawdhuri,Bipul Ranjan
245 ## - TITLE STATEMENT
Title living Durga /
Statement of responsibility, etc by Bipul Ranjan Chawdhuri
260 ## - PUBLICATION, DISTRIBUTION, ETC. (IMPRINT)
Place of publication, distribution, etc Kolkata
Name of publisher, distributor, etc Rachayita
Date of publication, distribution, etc 2014
270 ## - ADDRESS
Address 59/5,Garfa Main Road
City Kolkata
Postal code 700075
300 ## - PHYSICAL DESCRIPTION
Extent xvi,138p.
Dimensions 20cm(pbk)
942 ## - ADDED ENTRY ELEMENTS (KOHA)
Source of classification or shelving scheme Dewey Decimal Classification
Item type English Books
Call number suffix CHA
Classification part N
Holdings
Withdrawn status Lost status Not for loan Collection code Home library Current library Date acquired Source of acquisition Cost, normal purchase price Full call number Barcode Copy number Cost, replacement price Koha item type
    Not For Loan Non-fiction D.B.Act.Division Bawana 17/04/2017 DBAD/PUB 200.00 N CHA EN-101360 1 200.00 English Books

© Delhi Public Library
Hit Counter
free hit counter